000 00498nmm a2200169Ia 4500
008 251105s9999||||xx |||||||||||||||||und||
020 _a9788413050775
041 _aspa
100 _aSan Juan, Víctor
245 0 _aCazatesoros y expolios de buques sumergidos
264 _a[Madrid, España] :
_bEdiciones Nowtilus,
_c2020
300 _a288 páginas
490 _aHistoria Incógnita
650 _aHistory (General)
856 _uhttps://public.digitaliapublishing.com/a/171881
942 _cCF
999 _c76314
_d76314